दानवीर कर्ण/ (Record no. 198929)

MARC details
000 -LEADER
fixed length control field 00650nam a22001817a 4500
005 - DATE AND TIME OF LATEST TRANSACTION
control field 20231109121120.0
010 ## - LCCN (DPL NO)
LC control number HIN-126226
020 ## - INTERNATIONAL STANDARD BOOK NUMBER
International Standard Book Number 9789386720542
Terms of availability 395.00
035 ## - SYSTEM CONTROL NUMBER
System control number HN-98572
037 ## - SOURCE OF ACQUISITION
Source of stock number/acquisition DBAD/PUB
082 ## - DEWEY DECIMAL CLASSIFICATION NUMBER
Classification number 230.2
100 ## - MAIN ENTRY--PERSONAL NAME
Personal name मालिक,सोनी
245 ## - TITLE STATEMENT
Title दानवीर कर्ण/
Statement of responsibility, etc सोनी मालिक
260 ## - PUBLICATION, DISTRIBUTION, ETC. (IMPRINT)
Place of publication, distribution, etc uttar pradesh
Name of publisher, distributor, etc Rathore publishers & Distributors
Date of publication, distribution, etc 2020
270 ## - ADDRESS
Address Basement-260 shaktikand -III Indrapuram Ghaziabad
City uttar pradesh
Postal code 201010
300 ## - PHYSICAL DESCRIPTION
Extent 112 पृष्ठ
Dimensions 23 (सजिल्द)
942 ## - ADDED ENTRY ELEMENTS (KOHA)
Item type Hindi Books
Classification part 230.2
Source of classification or shelving scheme Dewey Decimal Classification
Call number suffix मालिक
Holdings
Withdrawn status Lost status Not for loan Collection code Home library Current library Date acquired Source of acquisition Cost, normal purchase price Full call number Barcode Copy number Cost, replacement price Koha item type
      Non-fiction Bawana Bawana 02/11/2023 DBAD/PUB 395.00 230.2 मालिक HN-98572 1 395.00 Hindi Books

© Delhi Public Library
Hit Counter
free hit counter